MARC

LEADER 00000nam0a2200000 4500
001 368244
005 20231102012050.0
035 |a (RuTPU)RU\TPU\retro\25607 
090 |a 368244 
100 |a 20220404d1979 k y0rusy50 ca 
101 0 |a rus 
102 |a RU 
105 |a a z 001zy 
200 1 |a Управление вентиляцией и газодинамическими явлениями в шахтах  |e сборник научных трудов  |f Академия наук СССР, Сибирское отделение, Институт горного дела ; отв. ред. О. И. Чернов 
210 |a Новосибирск  |c Изд-во Ин-та горного дела СО АН СССР  |d 1979 
215 |a 142 с.  |c ил. 
320 |a Библиогр. в конце ст. 
606 1 |a Угольные шахты  |x Вентиляция  |x Утечка воздуха  |2 stltpush  |3 (RuTPU)RU\TPU\subj\62882  |9 79937 
606 1 |a Угольные шахты  |x Газодинамические явления  |2 stltpush  |3 (RuTPU)RU\TPU\subj\62821  |9 79876 
610 1 |a управление 
610 1 |a рудничная вентиляция 
610 1 |a газопроявления 
610 1 |a нагрузки 
610 1 |a горные работы 
610 1 |a выработки 
610 1 |a проветривание 
610 1 |a угольные пласты 
610 1 |a дегазация 
610 1 |a прогнозирование 
610 1 |a надежность 
610 1 |a контроль 
675 |a 622.45  |v 4 
675 |a 622.81  |v 4 
702 1 |a Чернов  |b О. И.  |4 340 
712 0 2 |a Академия наук СССР  |b Сибирское отделение  |b Институт горного дела  |c (Новосибирск)  |2 stltpush  |3 (RuTPU)RU\TPU\col\11352  |9 25057 
801 1 |a RU  |b 63413507  |c 20220404 
942 |c BK